Регионална библиотека "Любен Каравелов" - Русе

Сянката на твоята усмивка (Запис номер 93733)

MARC детайли
000 -Лидер
Лидер 01176nam a2200313 a 4500
003 - Код на организацията, давaща контролен номер
Код на организацията, даваща контролен номер BLK
005 - Дата и час на последна редакция
Дата и час на последна редакция 20250801092526.0
008 - Елементи от данни с фиксирана дължина
Елементи с фиксирана дължина 180408b bul|||||r ||||||| ||bul||
020 ## - Международен стандартен номер на книга ISBN
ISBN 9789546551597
040 ## - Източник на каталожния запис
Код на библиотеката BLK
041 ## - Код за език
Език Български
Език за КДБФ Български
080 ## - УДК
УДК текст Американска литература (на САЩ)
УДК код 821.111(73)
УДК – определител -312.4
УДК – код + определител 821.111(73)-312.4
100 1# - Редна дума - Автор
Автор Кларк, Мери Хигинс
R(LIN) 371250
240 ## - Унифицирано заглавие
Унифицирано заглавие The Shadow of Your Smile / Mary Higgins Clark
245 10 - Сведения за заглавието
Заглавие Сянката на твоята усмивка
Авторска отговорност Мери Хигинс Кларк ; прев. от англ. Елена Кодинова.
257 ## - Страна на издаване
Страна на създаване/издаване Съединени американски щати
260 ## - Област на издателските данни
Място на издаване София
Име на издателя Бард
Година на издаване 2010
300 ## - Физическа характеристика
Брой страници 368 с.
Размер 20 см
380 ## - Жанр
Жанр Худож. лит.
500 ## - Общи забележки
Обща забележка Ориг. загл. The Shadow of Your Smile / Mary Higgins Clark.
700 1# - Други автори (авторска отговорност)
Друг автор Кодинова, Елена Любенова
Дати, свързани с автора 1969-
Авт. отговорност на др. автор прев. от англ.
9 (RLIN) 80337
852 ## - Местоположение
Сигнатура (форматна) Цб 250187
Отдел Хранилище
856 4# - Електронен адрес и достъп
Електронен формат pdf - файл
856 4# - Електронен адрес и достъп
Електронен формат pdf - файл
942 ## - АРТИКУЛИ
Вид на библиотечния документ Книги
Скрит в OPAC Не
Koha issues (borrowed), all copies 22
944 ## - СЪЗДАВАНЕ И РЕДАКЦИЯ на ЗАПИСА
Създаване/Редакция Създаване
Дата на регистрацията/редакция 2023
Служител, извършил регистрацията/редакцията 30575
Номер на служител Мартин Енчев
999 ## - СИСТЕМНИ КОНТРОЛНИ НОМЕРА
Koha biblionumber 93733
Koha biblioitemnumber 93733
999 ## - СИСТЕМНИ КОНТРОЛНИ НОМЕРА
Koha biblioitemnumber 93733
Наличности
Код за отписване Код за изгубен артикул Източник на класификационната схема Код за повреда Коз за рестрикции Код за отдаване Артикулен № Име на библиотеката - собственик Име на библиотеката, в която се намира в момента Статус (Текущо местоположение) Дата на вписване в системата Местоположение - отдел Цена в лева Инвентарен номер Систематично азбучна сигнатура Баркод Номер на екземпляра Цена в евро Служебна бележка Служебен тип на артикула
Изтеглен Не е изгубен Universal Decimal Classification Не е повреден без рестрикции заемане за дома 150547 Регионална библиотека "Любен Каравелов" Русе Регионална библиотека "Любен Каравелов" Русе Заемна - подръчен фонд 2010-12-07 Заемна - подръчен фонд 9.47 120000747910 П 820(73)-31/К 63 120000747910 1 4.84 Дост: Pk Вид: Ф N: 48 Дата: 03.12.2010 Дата инв: 23.02.2018 Бележки инв: П2018 Книги
  Не е изгубен   Не е повреден без рестрикции ползва се в читалня 150548 Регионална библиотека "Любен Каравелов" Русе Регионална библиотека "Любен Каравелов" Русе Хранилище 2011-11-16 Хранилище 11.99 120000754351 Цб 250187 120000754351 2 6.13 Дост: Dp Вид: Д N: 14 Дата: 04.04.2011 Книги
Изтеглен Не е изгубен Universal Decimal Classification Не е повреден без рестрикции заемане за дома 150549 Регионална библиотека "Любен Каравелов" Русе Регионална библиотека "Любен Каравелов" Русе Заемна - подръчен фонд 2012-04-04 Заемна - подръчен фонд 11.99 120000756819 П 820(73)-31/К 63 120000756819 3 6.13 Дост: DA Вид: А N: 6 Дата: 04.04.2012 Книги
Изтеглен Не е изгубен Universal Decimal Classification Не е повреден без рестрикции заемане за дома 150550 Регионална библиотека "Любен Каравелов" Русе Регионална библиотека "Любен Каравелов" Русе Заемна - подръчен фонд 2012-04-04 Заемна - подръчен фонд 11.99 120000756820 П 820(73)-31/К 63 120000756820 4 6.13 Дост: DA Вид: А N: 6 Дата: 04.04.2012 Дата инв: 13.02.2018 Бележки инв: П2018 Книги
Изтеглен Не е изгубен Universal Decimal Classification Не е повреден без рестрикции заемане за дома 150551 Регионална библиотека "Любен Каравелов" Русе Регионална библиотека "Любен Каравелов" Русе Заемна - подръчен фонд 2012-04-04 Заемна - подръчен фонд 11.99 120000756821 П 820(73)-31/К 63 120000756821 5 6.13 Дост: DA Вид: А N: 6 Дата: 04.04.2012 Книги
  Не е изгубен Universal Decimal Classification Не е повреден   заемане за дома 931336 Регионална библиотека "Любен Каравелов" Русе Регионална библиотека "Любен Каравелов" Русе Заемна - подръчен фонд 2023-07-21 Заемна - подръчен фонд 11.99 120000890540 821-31/К 63 М 120000890540   6.13   Книги
Vip Innovations Ltd, Rousse, Bulgaria 2025